Slovackij raj - Čechoslovakija

Bibliographic Details
Format: Book
Language:Russian
PhysicalDescription:1 list zlož. v [12] s. 21 cm
Published: Spišská Nová Ves Čedok Slovenská spoločnosť pre racionálnu výživu [vyd.] 1970
Subjects:

MARC

LEADER 00000nam a2200000 a 4500
001 vtls001217641
003 SK-MaSNL
005 20260301041201.0
008 180814s1970 xo a 0 rus
020 |c 3,00 
035 |a SNK000160833 
040 |a SNK  |b slo  |c SNK  |e AACR2 
041 0 |a rus 
044 |a xo  |c SK 
080 |a 659.132  |2 1981 
245 1 |a Slovackij raj - Čechoslovakija 
260 |a Spišská Nová Ves  |b Čedok  |b Slovenská spoločnosť pre racionálnu výživu [vyd.]  |c 1970 
300 |a 1 list zlož. v [12] s.  |c 21 cm 
500 |a Tir. slov. 
650 0 7 |a skladačky  |2 SNK  |9 284429 
958 |a OND 
999 |c 587793  |d 589723 
952 |t P60, <03>, [BOOK], {603}  |a SNK  |b SNK  |y PREZ  |7 0  |o snkOSC 18428  |i snkK 534/96  |0 0  |1 0  |4 0  |d 1996-05-29  |l 0  |r 2005-01-01 00:00:00  |w 2026-02-23